[Event "Mittelfranken Landesliga Nord 2122"]
[Site "Mittelfranken"]
[Date "2021.11.14"]
[Round "2.2"]
[White "Goehring, Karl Heinz"]
[Black "Eibl, Maximilian"]
[Result "0-1"]
[WhiteElo "2105"]
[BlackElo "2138"]
[PlyCount "100"]
[EventDate "2021.10.24"]
[EventType "team-tourn"]
[EventRounds "9"]
[EventCountry "GER"]
[SourceTitle "EXT 2024"]
[Source "ChessBase"]
[SourceDate "2023.10.10"]
[SourceVersion "1"]
[SourceVersionDate "2023.10.10"]
[SourceQuality "1"]
[WhiteTeam "Schweinfurt"]
[BlackTeam "Kelheim"]
[WhiteTeamCountry "GER"]
[BlackTeamCountry "GER"]

1. d4 Nf6 2. c4 e6 3. Nf3 c5 4. Nc3 cxd4 5. Nxd4 Bb4 6. Ndb5 d5 7. Bf4 Na6 8. a3 Be7 9. e3 0-0 10. Be2 b6 11. cxd5 exd5 12. 0-0 Bb7 13. b4 Ne4 14. Rc1 Bg5 15. Be5 Bf6 16. Bxf6 Nxf6 17. Nd4 Nc7 18. Ncb5 Nxb5 19. Bxb5 Qe7 20. Qd3 Rac8 21. Bc6 Bxc6 22. Nxc6 Qd7 23. b5 Rc7 24. a4 Ne4 25. Rc2 Nc5 26. Qd4 Qf5 27. Rc3 a5 28. Rd1 Rd7 29. h3 Re8 30. f3 h6 31. Kf2 Ne4+ 32. Kg1 Nxc3 33. Qxc3 Qe6 34. Kf2 f5 35. Rd4 Qd6 36. Qd3 g6 37. Kg1 Kf7 38. Kf2 Qe6 39. Rf4 Kg8 40. g4 fxg4 41. Rxg4 Kh7 42. Nd4 Qd6 43. Rg3 Rde7 44. f4 Re4 45. Nc6 Qc5 46. Nd4 Rc8 47. Ne2 Qc4 48. Qd2 Qb3 49. Nd4 Qxa4 50. Nc6 Qc4 0-1

[Event "DSOL 01 Liga Gr-C 1st"]
[Site "Playchess.com INT"]
[Date "2020.07.14"]
[Round "4.1"]
[White "Schnepp, Gunnar"]
[Black "Eibl, Maximilian"]
[Result "1-0"]
[WhiteElo "2253"]
[BlackElo "2120"]
[PlyCount "48"]
[EventDate "2020.06.22"]
[EventType "team-tourn (rapid)"]
[EventCountry "GER"]
[SourceTitle "EXT 2021"]
[Source "ChessBase"]
[SourceDate "2020.10.23"]
[SourceVersion "1"]
[SourceVersionDate "2020.10.23"]
[SourceQuality "1"]
[WhiteTeam "Lauffen"]
[BlackTeam "Kelheim"]
[WhiteTeamCountry "GER"]
[BlackTeamCountry "GER"]

1. e4 c5 2. Nf3 e6 3. Nc3 Nc6 4. Be2 d6 5. d4 cxd4 6. Nxd4 Qc7 7. 0-0 a6 8. Bg5 Be7 9. Bxe7 Ngxe7 10. Ndb5 axb5 11. Nxb5 Qd8 12. Nxd6+ Kf8 13. Qd2 e5 14. f4 Qb6+ 15. Rf2 Qxb2 16. Rd1 Be6 17. f5 Bxa2 18. f6 Nd4 19. fxg7+ Kxg7 20. Qg5+ Kf8 21. Bh5 Nef5 22. Nxf5 Nxf5 23. Qxf5 Be6 24. Qxe6 f6 1-0

[Event "Oberpfalz-ch M1"]
[Site "Bad Koetzting"]
[Date "2018.03.24"]
[Round "2"]
[White "Eibl, Maximilian"]
[Black "Bunk, Wolfgang"]
[Result "0-1"]
[WhiteElo "2172"]
[BlackElo "1925"]
[PlyCount "64"]
[EventDate "2018.03.24"]
[EventType "swiss"]
[EventRounds "8"]
[EventCountry "GER"]
[SourceTitle "EXT 2020"]
[Source "ChessBase"]
[SourceDate "2019.10.17"]
[SourceVersion "1"]
[SourceVersionDate "2019.10.17"]
[SourceQuality "1"]

1. e4 e5 2. Bc4 Nf6 3. Nf3 Nxe4 4. Nc3 Nxc3 5. dxc3 f6 6. Nh4 g6 7. f4 Qe7 8. f5 Qg7 9. 0-0 Be7 10. fxg6 d5 11. Bxd5 hxg6 12. Nf3 c6 13. Bc4 Qh7 14. Qe1 Bf5 15. Qg3 Nd7 16. Be3 Nb6 17. Bb3 Nd5 18. Bxd5 cxd5 19. Rad1 Be6 20. Rfe1 0-0-0 21. c4 dxc4 22. Bxa7 Bd6 23. h3 Qc7 24. Qf2 Rd7 25. Nd4 exd4 26. Rxe6 b6 27. Qxf6 Rhd8 28. Bxb6 Qxb6 29. Qxg6 d3+ 30. Kh1 dxc2 31. Qxc2 Bc7 32. Rde1 Qxe6 0-1

[Event "Landesliga Nord 1617"]
[Site "Bayern"]
[Date "2016.11.20"]
[Round "2.5"]
[White "Kwossek, Georg"]
[Black "Eibl, Maximilian"]
[Result "1-0"]
[WhiteElo "2016"]
[BlackElo "2123"]
[PlyCount "67"]
[EventDate "2016.10.16"]
[EventType "team-tourn"]
[EventRounds "9"]
[EventCountry "GER"]
[SourceTitle "EXT 2019"]
[Source "ChessBase"]
[SourceDate "2018.10.10"]
[SourceVersion "1"]
[SourceVersionDate "2018.10.10"]
[SourceQuality "1"]
[WhiteTeam "Kitzingen"]
[BlackTeam "Kelheim"]
[WhiteTeamCountry "GER"]
[BlackTeamCountry "GER"]

1. d4 Nf6 2. c4 g6 3. Nf3 Bg7 4. Nc3 0-0 5. e4 d6 6. Be2 e5 7. Be3 Nc6 8. d5 Ne7 9. Nd2 Nd7 10. 0-0 f5 11. f3 f4 12. Bf2 g5 13. b4 a5 14. bxa5 Rxa5 15. Nb3 Ra8 16. c5 Ng6 17. cxd6 cxd6 18. Nb5 Nf6 19. Nd2 Rf7 20. Nc4 Ra6 21. a4 h5 22. Rc1 Bf8 23. a5 Nd7 24. Na7 Rxa7 25. Bxa7 Nc5 26. Bb6 Qf6 27. Nxd6 Bxd6 28. Bxc5 Bd7 29. Bxd6 Qxd6 30. Qb3 Be8 31. Qb6 Qxb6+ 32. axb6 Rf6 33. Rc8 Kf7 34. Rc7+ 1-0

[Event "Landesliga Nord 1617"]
[Site "Bayern"]
[Date "2016.10.16"]
[Round "1.4"]
[White "Ulusoy, Tolga"]
[Black "Eibl, Maximilian"]
[Result "0-1"]
[WhiteElo "2085"]
[BlackElo "2123"]
[PlyCount "124"]
[EventDate "2016.10.16"]
[EventType "team-tourn"]
[EventRounds "9"]
[EventCountry "GER"]
[SourceTitle "EXT 2019"]
[Source "ChessBase"]
[SourceDate "2018.10.10"]
[SourceVersion "1"]
[SourceVersionDate "2018.10.10"]
[SourceQuality "1"]
[WhiteTeam "Nuernberg NT II"]
[BlackTeam "Kelheim"]
[WhiteTeamCountry "GER"]
[BlackTeamCountry "GER"]

1. e4 c5 2. c3 e6 3. d4 Nf6 4. e5 Nd5 5. c4 Nb6 6. d5 d6 7. exd6 Bxd6 8. Nf3 exd5 9. cxd5 0-0 10. Be2 Re8 11. Nc3 Na6 12. 0-0 Nc7 13. Qd3 Ncxd5 14. Nxd5 Nxd5 15. Rd1 Nf6 16. Qxd6 Qxd6 17. Rxd6 Rxe2 18. Be3 Be6 19. Nd2 Ne8 20. Rd3 c4 21. Rd4 Bf5 22. Nxc4 Rc2 23. Rad1 f6 24. Bd2 Be6 25. Bc3 Bxc4 26. Rxc4 Rd8 27. Re1 Nd6 28. Rg4 Kf7 29. a4 Re8 30. Rd1 Ree2 31. h3 Nf5 32. Rf4 Ke6 33. Rd8 Ne7 34. a5 Nd5 35. Re8+ Kd7 36. Rxe2 Rxe2 37. Rg4 Nxc3 38. bxc3 g6 39. Rb4 Kc6 40. Rc4+ Kd6 41. Rb4 Re1+ 42. Kh2 Re7 43. g4 Kc6 44. Kg3 Re5 45. Ra4 Rc5 46. Rf4 Rxc3+ 47. f3 Kb5 48. Rxf6 Rc7 49. h4 Kxa5 50. h5 gxh5 51. gxh5 b5 52. Rf5 Kb6 53. Rf6+ Rc6 54. Rf7 h6 55. Kg4 b4 56. Rf8 Kc5 57. Ra8 b3 58. Rb8 Rb6 59. Rc8+ Kd4 60. Rc1 b2 61. Rb1 a5 62. f4 a4 0-1

[Event "Oberliga Bayern 1516"]
[Site "Bayern"]
[Date "2016.03.13"]
[Round "8.7"]
[White "Eibl, Maximilian"]
[Black "Schmidt, Anton"]
[Result "1/2-1/2"]
[WhiteElo "2147"]
[BlackElo "2024"]
[PlyCount "86"]
[EventDate "2015.10.11"]
[EventType "team-tourn"]
[EventRounds "9"]
[EventCountry "GER"]
[SourceTitle "EXT 2018"]
[Source "ChessBase"]
[SourceDate "2017.10.13"]
[SourceVersion "1"]
[SourceVersionDate "2017.10.13"]
[SourceQuality "1"]
[WhiteTeam "Kelheim"]
[BlackTeam "Groebenzell"]
[WhiteTeamCountry "GER"]
[BlackTeamCountry "GER"]

1. e4 e5 2. Bc4 Nc6 3. Nf3 Nf6 4. d4 exd4 5. 0-0 Nxe4 6. Re1 d5 7. Bxd5 Qxd5 8. Nc3 Qa5 9. Nxe4 Be6 10. Neg5 0-0-0 11. Nxe6 fxe6 12. Rxe6 Bd6 13. Bg5 Rdf8 14. Bh4 g5 15. Bg3 Bxg3 16. hxg3 Qd5 17. Qe1 g4 18. Nh4 Kd7 19. Re2 Re8 20. Qd2 Rxe2 21. Qxe2 Qe6 22. Qd3 Kc8 23. Qf5 Re8 24. Re1 Qxf5 25. Rxe8+ Kd7 26. Nxf5 Kxe8 27. c3 dxc3 28. bxc3 Kd7 29. Kf1 Ke6 30. Ne3 h5 31. Ke2 Ne5 32. f4 Nd7 33. Kd3 c5 34. Kc4 a6 35. a4 Nb6+ 36. Kb3 Nd7 37. c4 Nf6 38. Kc2 Ne4 39. Nf1 Nd6 40. Kd3 Nf5 41. Ke4 Nd6+ 42. Kd3 Nf5 43. Ke4 Nd6+ 1/2-1/2

[Event "Oberliga Bayern 1516"]
[Site "Bayern"]
[Date "2016.02.21"]
[Round "7.7"]
[White "Eibl, Maximilian"]
[Black "Majer, Damir"]
[Result "0-1"]
[WhiteElo "2147"]
[BlackElo "2210"]
[PlyCount "78"]
[EventDate "2015.10.11"]
[EventType "team-tourn"]
[EventRounds "9"]
[EventCountry "GER"]
[SourceTitle "EXT 2018"]
[Source "ChessBase"]
[SourceDate "2017.10.13"]
[SourceVersion "1"]
[SourceVersionDate "2017.10.13"]
[SourceQuality "1"]
[WhiteTeam "Kelheim"]
[BlackTeam "Bayern Muenchen II"]
[WhiteTeamCountry "GER"]
[BlackTeamCountry "GER"]

1. e4 e6 2. b3 c5 3. Bb2 Nc6 4. Bb5 Nge7 5. Nf3 a6 6. Bxc6 Nxc6 7. 0-0 Qc7 8. Re1 d6 9. c4 Bd7 10. d4 cxd4 11. Nxd4 Nxd4 12. Bxd4 h5 13. Nc3 f6 14. f4 Kf7 15. Qf3 b5 16. cxb5 axb5 17. f5 Qb7 18. fxe6+ Bxe6 19. Nd5 Be7 20. Rf1 Rh6 21. Rfc1 Bd8 22. Kh1 h4 23. h3 Kg8 24. Ne3 Rg6 25. Nf5 Bxf5 26. Qxf5 Rg5 27. Qe6+ Kh7 28. Re1 Ba5 29. Re2 Qc6 30. Bf2 Re8 31. Qf7 Rxe4 32. Rxe4 Qxe4 33. Rg1 Bb4 34. Qd7 Qf4 35. Bb6 Bc3 36. Rd1 Qe4 37. Rg1 Be5 38. Qc7 Rg3 39. Qc8 f5 0-1

[Event "Oberliga Bayern 1516"]
[Site "Bayern"]
[Date "2016.01.31"]
[Round "6.7"]
[White "Epding, Olaf"]
[Black "Eibl, Maximilian"]
[Result "0-1"]
[WhiteElo "2148"]
[BlackElo "2147"]
[PlyCount "108"]
[EventDate "2015.10.11"]
[EventType "team-tourn"]
[EventRounds "9"]
[EventCountry "GER"]
[SourceTitle "EXT 2018"]
[Source "ChessBase"]
[SourceDate "2017.10.13"]
[SourceVersion "1"]
[SourceVersionDate "2017.10.13"]
[SourceQuality "1"]
[WhiteTeam "Nuernberg NT"]
[BlackTeam "Kelheim"]
[WhiteTeamCountry "GER"]
[BlackTeamCountry "GER"]

1. e4 d6 2. d4 Nf6 3. Nc3 g6 4. f4 Bg7 5. Nf3 0-0 6. Bd3 c5 7. dxc5 dxc5 8. 0-0 Nc6 9. a3 Bg4 10. Be3 Nd4 11. Bxd4 cxd4 12. Ne2 Qb6 13. Ne5 Qxb2 14. Qd2 Bxe2 15. Qxe2 Qb6 16. Rab1 Qc7 17. Rb4 b6 18. g3 Nd7 19. Nxd7 Qxd7 20. e5 e6 21. Rd1 Rfd8 22. Be4 Rac8 23. Rbxd4 Qxd4+ 24. Rxd4 Rxd4 25. Qa6 Rc7 26. Bd3 Bf8 27. Kg2 Rd5 28. Qa4 Ra5 29. Qe8 Rxa3 30. h4 Rac3 31. h5 Rc8 32. Qa4 R3c7 33. Kh3 a5 34. Kg4 Kg7 35. Qb3 Bb4 36. Qb1 Rc5 37. Qh1 Kg8 38. Qb7 R5c6 39. Kg5 R8c7 40. Qb8+ Rc8 41. Qb7 a4 42. Be4 Rc3 43. g4 R3c7 44. Qxb6 Be7+ 45. Kh6 g5 46. f5 exf5 47. gxf5 Rc4 48. Qe3 a3 49. f6 Bf8+ 50. Kxg5 a2 51. Qg1 Kh8 52. Kf5 Ra4 53. Qa1 Bb4 54. Bd5 Bc3 0-1

[Event "Oberpfalz-ch M1"]
[Site "Schwandorf"]
[Date "2015.03.30"]
[Round "6"]
[White "Blodig, Reinhard"]
[Black "Eibl, Maximilian"]
[Result "1/2-1/2"]
[WhiteElo "2206"]
[BlackElo "2148"]
[PlyCount "116"]
[EventDate "2015.03.28"]
[EventType "swiss"]
[EventRounds "8"]
[EventCountry "GER"]
[SourceTitle "EXT 2022"]
[Source "ChessBase"]
[SourceDate "2021.10.06"]
[SourceVersion "1"]
[SourceVersionDate "2021.10.06"]
[SourceQuality "1"]

1. g3 e5 2. c4 Nf6 3. Bg2 d5 4. cxd5 Nxd5 5. Nc3 Nb6 6. Nf3 Nc6 7. 0-0 Be6 8. d3 f6 9. Be3 Qd7 10. d4 exd4 11. Nxd4 Nxd4 12. Qxd4 Qxd4 13. Bxd4 0-0-0 14. Rfd1 Be7 15. Rac1 Rd7 16. Bxb6 Rxd1+ 17. Rxd1 axb6 18. Bd5 Bh3 19. e3 c6 20. Be4 Bd7 21. f3 Bc5 22. Kf2 f5 23. Rxd7 Kxd7 24. Bxf5+ Ke7 25. h4 b5 26. Bb1 b4 27. Ne4 Bb6 28. f4 c5 29. Nd2 Bc7 30. e4 b5 31. b3 Bb6 32. Ke2 Rc8 33. Bd3 Ra8 34. Bxb5 Rxa2 35. g4 Ra1 36. e5 Rg1 37. Kf3 Rh1 38. h5 Rh3+ 39. Ke4 Rh4 40. Nc4 Bc7 41. Ne3 Rh3 42. Bc4 Kf8 43. Nd5 Bd8 44. Kf5 Rh1 45. Ke6 h6 46. Kd6 Rd1 47. Kxc5 Be7+ 48. Nxe7 Kxe7 49. g5 hxg5 50. fxg5 Rg1 51. h6 gxh6 52. gxh6 Rg5 53. h7 Rxe5+ 54. Kxb4 Rh5 55. Bd3 Kf8 56. Kc4 Kg7 57. b4 Rh4+ 58. Kc5 Rxb4 1/2-1/2

[Event "Oberpfalz-ch M1"]
[Site "Schwandorf"]
[Date "2015.03.29"]
[Round "3"]
[White "Eibl, Maximilian"]
[Black "Berisha, Shpend"]
[Result "1/2-1/2"]
[WhiteElo "2148"]
[BlackElo "2006"]
[PlyCount "54"]
[EventDate "2015.03.28"]
[EventType "swiss"]
[EventRounds "8"]
[EventCountry "GER"]
[SourceTitle "EXT 2022"]
[Source "ChessBase"]
[SourceDate "2021.10.06"]
[SourceVersion "1"]
[SourceVersionDate "2021.10.06"]
[SourceQuality "1"]

1. e4 c5 2. Nf3 Nc6 3. Bb5 g6 4. 0-0 a6 5. Bxc6 bxc6 6. d4 cxd4 7. Qxd4 Nf6 8. e5 Nd5 9. e6 f6 10. c4 Nb4 11. Qd2 a5 12. a3 Na6 13. Nd4 c5 14. exd7+ Qxd7 15. Nb5 Qxd2 16. Bxd2 Be6 17. Re1 Kf7 18. Bxa5 Bxc4 19. Nc7 Nxc7 20. Bxc7 Bh6 21. Nc3 Rhc8 22. Bg3 Bd2 23. Red1 Bxc3 24. bxc3 Ra7 25. Bf4 e5 26. Be3 Ke6 27. f3 Ra4 1/2-1/2

[Event "Oberpfalz-ch M1"]
[Site "Neutraubling"]
[Date "2013.03.25"]
[Round "6"]
[White "Eibl, Maximilian"]
[Black "Rieger, Martin"]
[Result "1-0"]
[WhiteElo "2139"]
[BlackElo "2163"]
[PlyCount "79"]
[EventDate "2013.03.23"]
[EventType "swiss"]
[EventRounds "8"]
[EventCountry "GER"]
[SourceTitle "EXT 2022"]
[Source "ChessBase"]
[SourceDate "2021.10.06"]
[SourceVersion "1"]
[SourceVersionDate "2021.10.06"]
[SourceQuality "1"]

1. Nf3 g6 2. g3 Bg7 3. Bg2 e5 4. e4 Nc6 5. 0-0 d6 6. c3 Bg4 7. h3 Bxf3 8. Qxf3 Nge7 9. d3 h6 10. Qe2 0-0 11. f4 f5 12. Nd2 Qd7 13. Nf3 Rae8 14. Qc2 Kh8 15. Be3 a6 16. Rae1 Nd8 17. Kh2 Ne6 18. exf5 Nxf5 19. fxe5 dxe5 20. Bf2 Qd6 21. Nd2 b6 22. Nc4 Qd8 23. Nxe5 Kh7 24. d4 Bxe5 25. Rxe5 h5 26. Bc6 Re7 27. Qe2 Ng5 28. Kg2 Ref7 29. Be4 Nxg3 30. Kxg3 Rf3+ 31. Bxf3 Rxf3+ 32. Qxf3 Nxf3 33. Kxf3 Qf6+ 34. Ke2 Qc6 35. Re7+ Kg8 36. Be3 Qc4+ 37. Ke1 Qxa2 38. Bh6 Qb1+ 39. Kf2 Qf5+ 40. Kg1 1-0

[Event "Oberpfalz-ch M1"]
[Site "Neutraubling"]
[Date "2013.03.24"]
[Round "3"]
[White "Eibl, Maximilian"]
[Black "Werner, Claus"]
[Result "1/2-1/2"]
[WhiteElo "2139"]
[BlackElo "2228"]
[PlyCount "22"]
[EventDate "2013.03.23"]
[EventType "swiss"]
[EventRounds "8"]
[EventCountry "GER"]
[SourceTitle "EXT 2022"]
[Source "ChessBase"]
[SourceDate "2021.10.06"]
[SourceVersion "1"]
[SourceVersionDate "2021.10.06"]
[SourceQuality "1"]

1. Nf3 g6 2. g3 Bg7 3. Bg2 c5 4. 0-0 Nc6 5. c4 Nh6 6. Nc3 Nf5 7. d3 0-0 8. e4 Nfd4 9. Nxd4 Nxd4 10. f4 d6 11. g4 Rb8 1/2-1/2

[Event "Landesliga Nord 1213"]
[Site "Bayern"]
[Date "2013.01.13"]
[Round "5.4"]
[White "Eibl, Maximilian"]
[Black "Heimerdinger, Joerg"]
[Result "1/2-1/2"]
[WhiteElo "2159"]
[BlackElo "2030"]
[PlyCount "74"]
[EventDate "2012.10.14"]
[EventType "team-tourn"]
[EventRounds "9"]
[EventCountry "GER"]
[SourceTitle "EXT 2015"]
[Source "ChessBase"]
[SourceDate "2014.11.20"]
[SourceVersion "1"]
[SourceVersionDate "2014.11.20"]
[SourceQuality "1"]
[WhiteTeam "Kelheim"]
[BlackTeam "Bindlach II"]
[WhiteTeamCountry "GER"]
[BlackTeamCountry "GER"]

1. e4 e6 2. d4 d5 3. Nc3 Bb4 4. exd5 exd5 5. Bd3 Nf6 6. Bg5 0-0 7. Qf3 Qe8+ 8. Qe3 Bxc3+ 9. bxc3 Ne4 10. Ne2 Nxg5 11. Qxg5 Be6 12. 0-0 Nd7 13. Ng3 h6 14. Qf4 c6 15. Rae1 Qb8 16. Qd2 Nf6 17. f4 b5 18. f5 Bd7 19. Qd1 Qd6 20. Nh5 Rfe8 21. Nxf6+ Qxf6 22. Qf3 Kf8 23. Qf4 Rxe1 24. Rxe1 Re8 25. Re5 Qg5 26. Qxg5 hxg5 27. Rxe8+ Kxe8 28. Kf2 Kd8 29. Kg3 Ke7 30. Kf3 Kf6 31. g4 Ke7 32. h3 Kd6 33. Ke3 f6 34. Be2 Kc7 35. Kd2 Kb6 36. Kc1 Ka5 37. Kb2 Bc8 1/2-1/2

[Event "Wittelsbach op 1st"]
[Site "Kelheim"]
[Date "2012.12.29"]
[Round "7"]
[White "Fuhrmann, Max"]
[Black "Eibl, Maximilian"]
[Result "1-0"]
[WhiteElo "2155"]
[BlackElo "2137"]
[PlyCount "105"]
[EventDate "2012.12.26"]
[EventType "swiss"]
[EventRounds "7"]
[EventCountry "GER"]
[SourceTitle "EXT 2014"]
[Source "ChessBase"]
[SourceDate "2013.11.20"]
[SourceVersion "1"]
[SourceVersionDate "2013.11.20"]
[SourceQuality "1"]

1. e4 c5 2. Nf3 e6 3. d4 cxd4 4. Nxd4 a6 5. Nc3 Qc7 6. f4 b5 7. Be2 Bb7 8. Bf3 d6 9. 0-0 Nd7 10. Kh1 Ngf6 11. Qe2 Rc8 12. a4 b4 13. Na2 e5 14. Nf5 Qxc2 15. Qxc2 Rxc2 16. Ne3 Rc8 17. Nxb4 Nxe4 18. Nbd5 Bxd5 19. Nxd5 Nec5 20. b4 Nb3 21. Rb1 Nd4 22. Be4 Be7 23. Be3 Bd8 24. Bxd4 exd4 25. Bf5 Bf6 26. Rfe1+ Kd8 27. Bxd7 Kxd7 28. Nb6+ Kc7 29. Nxc8 Rxc8 30. Rec1+ Kb7 31. Rxc8 Kxc8 32. Kg1 Kb7 33. Kf2 Kb6 34. Ke2 g5 35. g3 gxf4 36. gxf4 Bh4 37. Rb3 Kc6 38. Rh3 d3+ 39. Kxd3 Be1 40. Kc4 Bd2 41. b5+ axb5+ 42. axb5+ Kb6 43. f5 h6 44. Rb3 Bf4 45. h3 Bd2 46. Kd5 Bf4 47. Rb4 Be3 48. Re4 Bg5 49. Kxd6 Kxb5 50. Re7 f6 51. Ke6 Kc5 52. Rf7 Kd4 53. Rxf6 1-0

[Event "Landesliga Nord 1213"]
[Site "Bayern"]
[Date "2012.11.11"]
[Round "2.4"]
[White "Kannenberg, Karl Heinz"]
[Black "Eibl, Maximilian"]
[Result "0-1"]
[WhiteElo "2106"]
[BlackElo "2159"]
[PlyCount "64"]
[EventDate "2012.10.14"]
[EventType "team-tourn"]
[EventRounds "9"]
[EventCountry "GER"]
[SourceTitle "EXT 2015"]
[Source "ChessBase"]
[SourceDate "2014.11.20"]
[SourceVersion "1"]
[SourceVersionDate "2014.11.20"]
[SourceQuality "1"]
[WhiteTeam "Kitzingen"]
[BlackTeam "Kelheim"]
[WhiteTeamCountry "GER"]
[BlackTeamCountry "GER"]

1. d4 Nf6 2. Nf3 c5 3. e3 g6 4. Be2 Bg7 5. 0-0 0-0 6. c4 cxd4 7. exd4 d5 8. c5 b6 9. cxb6 Qxb6 10. h3 Ne4 11. Nc3 Nxc3 12. bxc3 Ba6 13. Ba3 Nc6 14. Re1 Rfe8 15. Qa4 Bxe2 16. Rxe2 Qc7 17. Rb1 Rab8 18. Reb2 Bf6 19. Rxb8 Rxb8 20. Rxb8+ Nxb8 21. Qe8+ Kg7 22. Bc5 Na6 23. Ne5 Bxe5 24. Bxe7 Bh2+ 25. Kh1 Qb8 26. Qc6 Bc7 27. Bf6+ Kh6 28. g4 Qb1+ 29. Kg2 Qe4+ 30. Kg1 Qe6 31. g5+ Kh5 32. Qa4 Qxh3 0-1

[Event "Nittenau-ch 12th"]
[Site "Nittenau"]
[Date "2012.09.16"]
[Round "5"]
[White "Eibl, Maximilian"]
[Black "Klemp, Soeren"]
[Result "1-0"]
[WhiteElo "2118"]
[BlackElo "1683"]
[PlyCount "81"]
[EventDate "2012.09.14"]
[EventType "swiss"]
[EventRounds "5"]
[EventCountry "GER"]
[SourceTitle "EXT 2022"]
[Source "ChessBase"]
[SourceDate "2021.10.06"]
[SourceVersion "1"]
[SourceVersionDate "2021.10.06"]
[SourceQuality "1"]

1. e4 d5 2. exd5 Qxd5 3. Nc3 Qa5 4. d4 c6 5. Bc4 Nf6 6. Nge2 Bf5 7. Bd2 e6 8. Ng3 Bg6 9. h4 h6 10. Nd5 Qd8 11. Nf4 Be4 12. Qe2 Bxc2 13. Bxe6 fxe6 14. Nxe6 Qe7 15. Nc7+ Kd7 16. Nxa8 Qxe2+ 17. Nxe2 Na6 18. Rc1 Bh7 19. f3 Bd6 20. g4 Bg8 21. a3 Bd5 22. Kf2 Rxa8 23. g5 Ng8 24. Nc3 Nc7 25. Ne4 Rf8 26. Ke2 Ne6 27. Be3 Nf4+ 28. Kd2 Ne7 29. Rcg1 Nh5 30. gxh6 gxh6 31. Bxh6 Rxf3 32. Nxd6 Kxd6 33. Rh2 Nf6 34. Bg7 Ne4+ 35. Kc1 Nf6 36. h5 Bf7 37. Bxf6 Rxf6 38. h6 Ng6 39. h7 Nh8 40. Rg8 Rf1+ 41. Kd2 1-0

[Event "Nittenau-ch 12th"]
[Site "Nittenau"]
[Date "2012.09.16"]
[Round "4"]
[White "Kaiser, Dominik"]
[Black "Eibl, Maximilian"]
[Result "1/2-1/2"]
[WhiteElo "1815"]
[BlackElo "2118"]
[PlyCount "65"]
[EventDate "2012.09.14"]
[EventType "swiss"]
[EventRounds "5"]
[EventCountry "GER"]
[SourceTitle "EXT 2022"]
[Source "ChessBase"]
[SourceDate "2021.10.06"]
[SourceVersion "1"]
[SourceVersionDate "2021.10.06"]
[SourceQuality "1"]

1. e4 c5 2. d4 cxd4 3. c3 d3 4. Bxd3 g6 5. Nf3 Bg7 6. 0-0 Nc6 7. Qe2 d6 8. Rd1 Qc7 9. Be3 Nf6 10. Nd4 0-0 11. h3 Ne5 12. Nb5 Qb8 13. Bc2 a6 14. Nd4 b5 15. Nd2 Bb7 16. g4 Qc7 17. g5 Nfd7 18. f4 Nc6 19. Rac1 Nb6 20. h4 d5 21. h5 dxe4 22. hxg6 hxg6 23. Bxe4 Rfd8 24. Ne6 fxe6 25. Bxg6 Nd5 26. Qh5 Nxe3 27. Bf7+ Kf8 28. Bxe6 Qxf4 29. Rf1 Nxf1 30. Rxf1 Qxf1+ 31. Nxf1 Ne5 32. Qh7 Nf7 33. Qg6 1/2-1/2

[Event "Nittenau-ch 12th"]
[Site "Nittenau"]
[Date "2012.09.14"]
[Round "1"]
[White "Eibl, Maximilian"]
[Black "Dechant, Georg"]
[Result "1-0"]
[WhiteElo "2118"]
[BlackElo "1596"]
[PlyCount "71"]
[EventDate "2012.09.14"]
[EventType "swiss"]
[EventRounds "5"]
[EventCountry "GER"]
[SourceTitle "EXT 2022"]
[Source "ChessBase"]
[SourceDate "2021.10.06"]
[SourceVersion "1"]
[SourceVersionDate "2021.10.06"]
[SourceQuality "1"]

1. e4 c5 2. Nf3 e6 3. d4 cxd4 4. Nxd4 Nc6 5. Nc3 Qc7 6. Be3 a6 7. f4 Bb4 8. Nxc6 bxc6 9. Qd4 Bxc3+ 10. Qxc3 Nf6 11. Bd3 Ng4 12. Qxg7 Nxe3 13. Qxh8+ Ke7 14. g3 Qb6 15. Kd2 Ng4 16. Rae1 Qf2+ 17. Kc1 Qc5 18. Qc3 Qb6 19. e5 h6 20. Qb3 Qa7 21. f5 Rb8 22. Qa3+ c5 23. f6+ Ke8 24. h3 Nf2 25. Rh2 Nxd3+ 26. Qxd3 Qb6 27. c3 d5 28. exd6 Qa5 29. Qh7 Qxa2 30. Qg8+ Kd7 31. Qxf7+ Kxd6 32. Rd1+ Kc6 33. Qe8+ Kc7 34. Qe7+ Kb6 35. Qxc5+ Kxc5 36. b4+ 1-0

[Event "GER-ch Net qual4 U25"]
[Site "Playchess.com INT"]
[Date "2012.09.12"]
[Round "2"]
[White "Eibl, Maximilian"]
[Black "Wagner, Dennis"]
[Result "0-1"]
[WhiteElo "2113"]
[BlackElo "2355"]
[PlyCount "60"]
[EventDate "2012.09.12"]
[EventType "swiss (blitz)"]
[EventRounds "7"]
[EventCountry "GER"]
[SourceTitle "CBM 150 Extra"]
[Source "ChessBase"]
[SourceDate "2012.10.19"]
[SourceVersion "1"]
[SourceVersionDate "2012.10.19"]
[SourceQuality "1"]

1. e4 e6 2. d4 d5 3. Nc3 Nf6 4. Bg5 dxe4 5. Nxe4 Be7 6. Bxf6 gxf6 7. Nf3 a6 8. Bd3 Nc6 9. c3 f5 10. Ned2 Rg8 11. g3 b5 12. Qe2 Qd5 13. b3 Bb7 14. c4 bxc4 15. bxc4 Qd7 16. 0-0 Nxd4 17. Nxd4 Qxd4 18. Nf3 Qd6 19. c5 Qc6 20. Kg2 Rd8 21. Rfd1 Bxc5 22. Bc4 Ke7 23. Rab1 Rxd1 24. Qxd1 Rd8 25. Qe2 Rd2 26. Qxd2 Qxf3+ 27. Kf1 Qh1+ 28. Ke2 Bf3+ 29. Kd3 Qxb1+ 30. Kc3 Bb4+ 0-1

[Event "GER-ch Net qual4 U25"]
[Site "Playchess.com INT"]
[Date "2012.09.12"]
[Round "6"]
[White "Schmidt, Martin2222"]
[Black "Eibl, Maximilian"]
[Result "0-1"]
[WhiteElo "2044"]
[BlackElo "2113"]
[PlyCount "74"]
[EventDate "2012.09.12"]
[EventType "swiss (blitz)"]
[EventRounds "7"]
[EventCountry "GER"]
[SourceTitle "CBM 150 Extra"]
[Source "ChessBase"]
[SourceDate "2012.10.19"]
[SourceVersion "1"]
[SourceVersionDate "2012.10.19"]
[SourceQuality "1"]

1. e4 c5 2. Nf3 e6 3. d4 cxd4 4. Nxd4 a6 5. Nc3 Qc7 6. Bd3 b5 7. 0-0 Bb7 8. f4 d6 9. Qe2 Nd7 10. Kh1 Ngf6 11. Nd1 Be7 12. Nf2 0-0 13. Bd2 Rfe8 14. Rae1 Nc5 15. e5 Nfd7 16. exd6 Bxd6 17. Ne4 Nxe4 18. Bxe4 Bxe4 19. Qxe4 Nf6 20. Qd3 Rad8 21. Qf3 Bf8 22. c3 b4 23. Rc1 Qd7 24. Qe2 a5 25. Nf3 Nd5 26. Ne5 Qa4 27. c4 Nf6 28. Be3 Qxa2 29. Ra1 Qb3 30. Rxa5 Ra8 31. Rfa1 Rxa5 32. Rxa5 Rd8 33. h3 Ne4 34. Kh2 Qd1 35. Qxd1 Rxd1 36. Ra8 f6 37. Bc5 Nxc5 0-1